Trenerzy siatkarskiej reprezentacji Polski w XXI wieku - Statystyki

Ogólne statystyki
  • Ten quiz został rozwiązany 393 razy
  • Średni wynik to 5 z 9
Statystyki odpowiedzi
okres trenowania Odpowiedź % Poprawnych
od 07.02.2018 Vital Heynen
95%
2013–2016 Stéphane Antiga
90%
2005–2008 Raúl Lozano
66%
2011–2013 Andrea Anastasi
65%
2009–2010 Daniel Castellani
52%
2016–2017 Ferdinando De Giorgi
51%
2001–2003 Waldemar Wspaniały
32%
2000–2001 Ryszard Bosek
19%
2003–2004 Stanisław Gościniak
17%
Nie znaleziono quizów pasujących do podanych kryteriów
Rozkład punktacji
Procent ludzi z każdym wynikiem
Percentyl według liczby udzielonych odpowiedzi
Twoja historia wyników
Nie rozwiązałeś tego quizu